000 00704nam a22002297a 4500
001 000582
003 DO-SdBNP
005 20180130103206.0
007 000582
008 161020b 2004 ck ||||| |||| 00| 0 spa d
020 _a9587080939
040 _aBPMSU
_bspa
_cBPMSU
082 _axxxx
_bxxxx
100 1 _aCortés, David
245 1 0 _aHe caído tantas veces que el viento es mi maestro /
_cDavid Cortés.
260 _aBucaramanga, Colombia :
_bSic Editorial,
_c2004.
300 _a62 p. ;
_c21 cm.
500 _a La biblioteca posee un ejemplar autografiado por el autor.
942 _2ddc
_cBK
945 _aInventario extranjero / 2018 VM
956 _2LOPEREZ
_310
_620161020
_8BPMSU
_a00041
999 _c11641
_d11641